PLANTATION forests for wood production in the neotropics : abstracts of three International Symposia held by the IUFRO S1.07-09 Working Party

Bibliographic Details
Other Authors: De Barros, Salazar, Whitmore
Format: Book
Published: (s.l.) : IUFRO; MAB , 1986
Subjects:

MARC

LEADER 00000cam a2200000 7i4500
001 0000002429
005 20030616.0
090 0 0 |a 634.9   |b PLA 1986 
245 0 0 |a PLANTATION forests for wood production in the neotropics :   |b abstracts of three International Symposia held by the IUFRO S1.07-09 Working Party   |c edited by J. L. Whitmore, N. F. de Barros and R. Salazar 
260 0 0 |a (s.l.) :   |b IUFRO; MAB ,   |c 1986 
300 |a xix, 147 p. ;   |c 28 cm. 
500 0 0 |a Includes indexes 
650 0 0 |a Forests and forestry 
700 0 1 |a De Barros   |h N. F. 
700 0 1 |a Salazar   |h R. 
700 0 1 |a Whitmore   |h J. L. 
998 |a JPSM 
999 |a 0000004064   |b Monograph   |c Open Shelf   |e Default branch